Ley Orgánica de 29 de Junio de 1934 y Reglamento de 16 de Julio de 1935 del Tribunal de Cuentas de la República
Descripción Física:
73 p. ; 23 cm
MARC
| LEADER | 00000nam a2200000Ia 4500 | ||
|---|---|---|---|
| 001 | 17273 | ||
| 008 | 160829s1935 xx 000 0 cat d | ||
| 080 | |a RF-15-21 | ||
| 100 | |a Espanya. Ley Orgánica del Tribunal de Cuentas de la República (1934) |9 39373 | ||
| 245 | |a Ley Orgánica de 29 de Junio de 1934 y Reglamento de 16 de Julio de 1935 del Tribunal de Cuentas de la República | ||
| 250 | |a Ed. oficial | ||
| 260 | |a Madrid : |b Editorial Reus, |c 1935 | ||
| 300 | |a 73 p. ; |c 23 cm | ||
| 650 | |a Espanya. Ley Orgánica del Tribunal de Cuentas de la República (1934) |9 39373 | ||
| 856 | 4 | |u https://media.diba.cat/diba/fitxers/arxiu/fulletons/bib_17273_1935_baixa.pdf |y Accés lliure | |
| 856 | 4 | |u https://media.diba.cat/diba/fitxers/arxiu/fulletons/bib_17273_1935_baixa.pdf |y Accés lliure | |
| 901 | |a Arxiu | ||
| 942 | |n 1 |2 udc | ||
| 952 | |0 0 |1 0 |4 0 |6 RF1521 |7 1 |9 48981 |a Arxiu |b Arxiu |d 2016-12-01 |l 0 |o RF-15-21 |p 17273 |r 2016-12-01 00:00:00 |w 2016-12-01 |y ARXIU | ||
| 999 | |c 52816 |d 52816 | ||
| 900 | |a bib_17273_1935_baixa.pdf | ||